000 00751nam a22002411 4500
001 140730
003 ES-MaACL
005 20230906200136.0
007 t|
008 070917s1955 sp ||||0| spa d
016 7 _zIND2000945085
040 _aM-BN
_bspa
_cCDM
080 _a919.12(079.3)
080 _a39(912)
100 1 _aWilcox, Harry.
_9116809
245 1 0 _aSeis lunas en las Islas Célebes /
_cHarry Wilcox ; [traducción española de Alfonso Torrents].
260 _aBarcelona :
_bEditorial Hispano Europea,
_c[1955]
300 _a364 p., 16 h. de lám ;
_c20 cm.
651 4 _aCélebes (Islas)-
_xDescripción.
_98029
700 1 _aTorrents dels Prats, Alfonso.
_9110866
852 _aES-MaACL
_jC-11389
_bR.38248
999 _c140730
_d140730